000 01150nam0a22002891 4500
001 v19\rc\1691444
005 20260406064140.0
035 _a(NLR Aleph) 005230233
090 _a5597496
_c5597496
100 _a20061002d1897 |||y0rusy50 ca
101 1 _arus
_cfre
102 _aRU
105 _aac z |||||
200 1 _aКозочка господина Сегена
_fАльфонс Додэ
_gПер. с фр. Е.В. Лавровой
210 _aСанкт-Петербург
_cЕ.В. Лаврова и Н.А. Попов
_d1897
215 _a15 с.
_cфронт. (портр.), ил.
_d17
532 1 3 _aКозочка господина Сегена
700 1 _7ca
_8rus
_aДоде
_bА.
_f1840-1897
_gАльфонс
_96771
_3RU\NLR\AUTH\7723718
702 1 _4730
_7ca
_8rus
_aЛаврова
_bЕ. В.
_cлингвист
_f1871-1942
_gЕлизавета Васильевна
_973405
_3RU\NLR\AUTH\7790478
801 0 _aRU
_bNLR
_c20061002
_gpsbo
801 0 _aRU
_bRuMoRGB
_c20061002
_2psbo
801 1 _aRU
_bProSoft-M
_c20061002
_2rusmarc
801 2 _aRU
_bNLR
_c20100903
_2rusmarc
852 _aNLR
_j20.97.5.247
942 _cBOOK
980 _aNB